000 00391nam a2200145 i 4500
001 34784
003 ES-MaACL
007 t|
008 030211s1912 fr ||||1| fre d
100 1 _aBonnal, Ev.
_930221
245 1 0 _aWellington
_b: General in Chef (1808-1814) /
_cEv Bonnal.
260 _aParis :
_bR. Chapelot et CÂȘ,
_c1912.
300 _a1 v. ;
_c23 cm.
852 _aES-MaACL
_jG-15564
999 _c34784
_d34784